Plus longs fleuves de Chine - Statistiques

Statistiques générales
  • Ce quiz a été pris 10 fois
  • Le résultat moyen est 4 sur 10
Statistiques - réponses
Hint Réponse % Correct
6 380 Yangzi Jiang (Fleuve Bleu)
100%
5 464 Huang He (Fleuve Jaune)
89%
4 350* Mékong
67%
2 200 Rivière des Perles
56%
4 354* Amour
44%
3 180* Indus
22%
2 896* Brahmapoutre
11%
1 149* Fleuve Rouge
11%
1 345 Liao
0%
2 815* Salouen
0%
Aucun quiz correspondant
Distribution des résultats
% des personnes avec chaque résultat
Percentile par nombre de réponses
Votre historique - résultats
Vous n’avez pas pris ce quiz